Micro perspective of tourism and hospitality (Record no. 364771)
[ view plain ]
| 000 -LEADER | |
|---|---|
| fixed length control field | 00475nam a22001577a 4500 |
| 003 - CONTROL NUMBER IDENTIFIER | |
| control field | 0 |
| 005 - DATE AND TIME OF LATEST TRANSACTION | |
| control field | 20220808152642.0 |
| 008 - FIXED-LENGTH DATA ELEMENTS--GENERAL INFORMATION | |
| fixed length control field | 220808b xxu||||| |||| 00| 0 eng d |
| 020 ## - INTERNATIONAL STANDARD BOOK NUMBER | |
| International Standard Book Number | 978-971-23-9910-7 |
| 050 ## - LIBRARY OF CONGRESS CALL NUMBER | |
| Classification number | FILG155.A1 |
| Item number | .C78 2019 |
| 245 ## - TITLE STATEMENT | |
| Title | Micro perspective of tourism and hospitality |
| Statement of responsibility, etc | Zenaida L. Cruz |
| 260 ## - PUBLICATION, DISTRIBUTION, ETC. (IMPRINT) | |
| Place of publication, distribution, etc | Manila |
| Name of publisher, distributor, etc | Rex bookstore |
| Date of publication, distribution, etc | 2019 |
| 300 ## - PHYSICAL DESCRIPTION | |
| Extent | x,230pp. |
| Dimensions | 25cm. |
| Accompanying material | Includes reference, glossary and index. |
| Type of unit | Book |
| 500 ## - GENERAL NOTE | |
| General note | Tourism. |
| 942 ## - ADDED ENTRY ELEMENTS (KOHA) | |
| Source of classification or shelving scheme | Library of Congress Classification |
| Koha item type | Books |
No items available.